000 00263nam a22001217a 4500
008 170613b xxu||||| |||| 00| 0 eng d
041 _aeng
080 _a328
100 _a19
101 _aSHP
245 _aTHE BUREA OF THE BUDGEST
_cMAY.R
942 _2udc
_cBK
999 _c17197
_d17197